000 01606nam0a2200373 i 4500
001 RU\NLR\BIBL_A\011401190
005 20260409073420.0
010 _a9785936462955
021 _aRU
_b2017-36034
_92640
035 _a(RuMoRGB)008888655
035 _a(NLR Aleph) 011401190
090 _a11508873
_c11508873
100 _a20170607d2017 u y0rusy50 ca
101 0 _arus
102 _aRU
105 _aa|||z|||001zy
200 1 _aКазачья война 1812 г. (сентябрь, Москва)
_fС.В. Корягин
210 _aМосква
_cДревлехранилище
_d2017
215 _a256 с.
_cил.
_d21
_e[1] электрон. опт. диск (CD-ROM)
225 1 _aГенеалогия и семейная история Донского казачества
_vвып. 122
300 _aНа обл. авт. не указан
320 _aБиблиогр. в тексте
320 _aИмен. указ.: с. 234-243
606 1 _aДонское казачество
_xВоенная история
_z1799 - 1814
_92478182
_3RU\NLR\AUTH\661471328
606 _aДонское казачество
_xГенеалогия
_92085312
_3RU\NLR\AUTH\661261427
686 1 _aТ3(2)0-294
686 1 _aЦ59,8(2)2-13
686 1 _aТ214(2)0-9
700 1 _7ca
_8rus
_aКорягин
_bС. В.
_cканд. техн. наук
_cисторик казачества
_gСергей Викторович
_9154033
_3RU\NLR\AUTH\770154071
942 _cBOOK
980 _aGENEAL02
980 _aNBR